[Event "Idaho Closed"]
[Site "Twin Falls, ID"]
[Date "2013.02.16"]
[Round "1.4"]
[White "Gorman, Cody Austin"]
[Black "Nathan, Jacob Ari"]
[Result "1-0"]
[WhiteElo "1712"]
[BlackElo "963"]

1. d4 Nc6 2. e4 e5 3. d5 Nce7 4. Nf3 d6 5. c4 Nf6 6. Nc3 c6 7. Bg5 Bg4 8. Qd3
Qb6 9. Rb1 cxd5 10. cxd5 Nh5 11. Be3 Qb4 12. Qb5+ Qxb5 13. Nxb5 Nf6 14. Nc7+
Kd8 15. Nxa8 Nxe4 16. Bd3 {#r} 1-0

[Event "Idaho Closed"]
[Site "Twin Falls, ID"]
[Date "2013.02.18"]
[Round "6.5"]
[White "Douglas, Kurt P"]
[Black "Nathan, Jacob Ari"]
[Result "1-0"]
[WhiteElo "1751"]
[BlackElo "963"]

1. e4 c5 2. Nf3 d6 3. d4 cxd4 4. Nxd4 Nf6 5. Nc3 a6 6. Be2 g6 7. Be3 Bg7 8. h3
e5 9. Nf3 O-O 10. Qd2 Nc6 11. O-O-O Qa5 12. Qxd6 Rd8 13. Qc5 Qc7 14. Rxd8+
Qxd8 15. Rd1 Bd7 16. Qb6 Qb8 17. Bc4 Qc8 18. Ng5 Be6 19. Nxe6 fxe6 20. Rd6 Rb8
21. Bxe6+ {#r} 1-0

[Event "Idaho Closed"]
[Site "Twin Falls, ID"]
[Date "2014.02.15"]
[Round "1.3"]
[White "Nathan, Jacob Ari"]
[Black "Gorman, Cody Austin"]
[Result "0-1"]
[WhiteElo "1244"]
[BlackElo "1808"]
[EventRounds "6"]
[EventCountry "USA"]

1. e4 c5 2. Nf3 d6 3. d4 cxd4 4. c3 dxc3 5. Nxc3 a6 6. Bc4 Nc6 7. h3 Nf6 8.
Bg5 e6 9. O-O Be7 10. Qd2 b5 11. Bb3 b4 12. Ne2 Nxe4 13. Qc2 Nxg5 14. Nxg5 Bd7
15. h4 Bxg5 16. hxg5 Qxg5 17. Qd3 d5 18. Rac1 Ne5 19. Qh3 Bb5 20. Rc2 Bd3 21.
Ba4+ Kd8 22. f4 Qg4 23. Qe3 Bxc2 24. Qb6+ Ke7 25. Qc7+ Kf8 26. fxe5 Bf5 27.
Rf2 g6 28. Bc6 Qc4 29. Qd6+ Kg7 30. Bxa8 Rxa8 31. Qe7 Rf8 32. Ng3 Qc1+ 33. Nf1
a5 34. Rxf5 exf5 35. Qf6+ Kg8 36. e6 Qc5+ 37. Kh1 fxe6 38. Qxe6+ Rf7 39. Qe8+
Qf8 40. Qb5 Qd8 41. Ne3 Qh4+ 42. Kg1 Qd4 43. Qe8+ Kg7 44. g3 Qxb2 45. Kh1 Qb1+
46. Kh2 Qe4 47. Nxf5+ gxf5 48. Qd8 Re7 {#R} 0-1

[Event "Idaho Closed"]
[Site "Twin Falls, ID"]
[Date "2014.02.15"]
[Round "2.10"]
[White "Murphy, Andre R"]
[Black "Nathan, Jacob Ari"]
[Result "1-0"]
[WhiteElo "837"]
[BlackElo "1244"]
[EventRounds "6"]
[EventCountry "USA"]

1. d4 Nc6 2. Nf3 d5 3. e3 a6 4. Bd3 Bg4 5. O-O e6 6. Nbd2 Nf6 7. b3 Bd6 8. Qe1
Bb4 9. Be2 Na7 10. Bb2 Nb5 11. c3 Nxc3 12. Bxc3 Bxc3 13. Rc1 Bxd2 14. Qxd2 h6
15. Qb4 Rb8 16. h3 Bh5 17. g4 Bg6 18. Ne5 Be4 19. Bf3 Bxf3 20. Nxf3 Ne4 21.
Nd2 Nxd2 22. Qxd2 h5 23. f3 hxg4 24. fxg4 Rxh3 25. Qf2 Qd7 26. Qg2 Rxe3 27.
Qh2 Rc8 28. Qh8+ Ke7 29. Qxg7 Rf8 30. Qg5+ f6 31. Qxe3 e5 32. Qf3 e4 33. Qf5
Qd6 34. Kg2 Rh8 35. Rxc7+ Qxc7 36. Qxf6+ Kd7 37. Qxh8 {#r} 1-0

[Event "Idaho Closed"]
[Site "Twin Falls, ID"]
[Date "2014.02.16"]
[Round "4.10"]
[White "Knoll, Lucas"]
[Black "Nathan, Jacob Ari"]
[Result "1-0"]
[WhiteElo "1203"]
[BlackElo "1244"]
[EventRounds "6"]
[EventCountry "USA"]

1. e4 Nc6 2. Nf3 e5 3. Bc4 Bc5 4. Nc3 d6 5. d3 h6 6. O-O Bg4 7. Be3 Bxe3 8.
fxe3 Nf6 9. h3 Bd7 10. d4 exd4 11. exd4 O-O 12. e5 Nh7 13. d5 Nxe5 14. Nxe5
dxe5 15. Qh5 Qg5 16. Qxg5 Nxg5 17. h4 Nh7 18. Rae1 Rfe8 19. d6 Be6 20. d7 Re7
21. Bxe6 Rxe6 22. Rd1 Rd8 23. Rd3 Re7 24. Rfd1 Nf6 25. Nb5 Rexd7 26. Nxc7 Rxd3
27. Rxd3 Rc8 28. Rc3 e4 29. Nd5 Rxc3 30. Nxc3 Kf8 31. Kf2 Ke7 32. Ke3 Kd6 33.
Nxe4+ Nxe4 34. Kxe4 b5 35. b4 h5 36. c3 Ke6 37. Kd4 f5 38. Kc5 f4 39. Kxb5 f3
40. gxf3 g5 41. c4 gxh4 42. c5 Kd7 43. Ka6 Kc8 44. Kxa7 h3 45. b5 h2 46. b6
h1=Q 47. b7+ Kd7 48. b8=Q Qg1 49. Qd6+ Ke8 50. Qe5+ Kd8 51. Qxh5 Qg7+ 52. Kb6
Qb2+ 53. Kc6 Qf6+ 54. Kb7 Qg7+ 55. Kc6 Qf6+ 56. Kd5 Qg7 57. Qh4+ Ke8 58. Qa4+
Qd7+ 59. Qxd7+ Kxd7 60. f4 {#r} 1-0

[Event "Idaho Closed"]
[Site "Twin Falls, ID"]
[Date "2014.02.17"]
[Round "5.10"]
[White "Crowson, Keegan D"]
[Black "Nathan, Jacob Ari"]
[Result "0-1"]
[WhiteElo "521"]
[BlackElo "1244"]
[EventRounds "6"]
[EventCountry "USA"]

1. e4 Nc6 2. Nf3 e5 3. c3 Nf6 4. d4 d6 5. d5 Ne7 6. Bc4 Nxe4 7. Nbd2 Nf6 8.
O-O Bg4 9. h3 Bh5 10. Qa4+ Qd7 11. Bb5 c6 12. dxc6 Nxc6 13. Ng5 a6 14. g4 Bg6
15. Ndf3 h6 16. Nxf7 Bxf7 17. Rd1 Be7 18. Nxe5 Qc7 19. Nxc6 O-O 20. Nxe7+ Qxe7
21. Qa3 axb5 22. Qxd6 Qxd6 23. Rxd6 Rad8 24. Rb6 Rd1+ 25. Kh2 Re8 26. Rxb7 Re2
27. Kg3 Rf1 28. Rxb5 Rfxf2 29. Be3 Ne4+ 30. Kh4 Rxe3 31. Rh1 g5+ 32. Rxg5+
hxg5# 0-1

[Event "Idaho Closed"]
[Site "Twin Falls, ID"]
[Date "2015.02.14"]
[Round "1.6"]
[White "Nathan, Jacob Ari"]
[Black "Roland, Jeffrey T"]
[Result "1/2-1/2"]
[WhiteElo "1395"]
[BlackElo "1730"]
[EventRounds "6"]
[EventCountry "USA"]

1. e4 e5 2. Nf3 Nf6 3. Nxe5 d6 4. Nf3 Nxe4 5. d3 Nf6 6. Be2 Be7 7. O-O O-O 8.
d4 d5 9. h3 c5 10. c3 Nc6 11. Re1 Ne4 12. Nbd2 cxd4 13. Nxe4 dxe4 14. Nxd4 Qc7
15. Nxc6 Qxc6 16. Bg4 f5 17. Be2 Be6 18. Bf4 Rad8 19. Qc2 Bf6 20. Red1 g5 21.
Be3 b6 22. Qc1 f4 23. Bd4 Bxd4 24. Rxd4 Rxd4 25. cxd4 Rc8 26. Qxc6 Rxc6 27.
Rd1 Rc2 28. d5 Bd7 29. Bg4 Bxg4 30. hxg4 e3 31. fxe3 fxe3 32. d6 Rd2 33. Re1
Rxd6 34. Rxe3 Kf7 35. Rc3 Ke6 36. Rc7 Rd7 37. Rxd7 Kxd7 38. Kf2 Ke6 39. Ke2
Kd5 40. Kd3 Ke5 41. Ke3 a6 42. g3 a5 43. a4 Kd5 44. Kd3 Kc5 45. Kc3 Kd5 46.
Kd3 Kc5 47. Kc3 Kd5 48. Kd3 {#d} 1/2-1/2

[Event "Idaho Closed"]
[Site "Twin Falls, ID"]
[Date "2015.02.14"]
[Round "1.14"]
[White "Nathan, Oliver Eli"]
[Black "Bowden, Dale R"]
[Result "0-1"]
[WhiteElo "481"]
[BlackElo "1613"]
[EventRounds "6"]
[EventCountry "USA"]

1. e4 c6 2. Nf3 d5 3. Nc3 d4 4. Na4 e6 5. Bc4 b5 6. Bb3 bxa4 7. Bxa4 Ba6 8. d3
Qa5+ 9. Bd2 Qxa4 10. b3 Qb5 11. c4 dxc3 12. Bxc3 Bb4 13. Bxb4 Qxb4+ 14. Nd2
Bxd3 15. Rc1 Nf6 16. f3 Qb6 17. Rf1 Qe3+ {#R} 0-1

[Event "Idaho Closed"]
[Site "Twin Falls, ID"]
[Date "2015.02.14"]
[Round "2.7"]
[White "Parsons, Larry R"]
[Black "Nathan, Jacob Ari"]
[Result "1-0"]
[WhiteElo "2000"]
[BlackElo "1395"]
[EventRounds "6"]
[EventCountry "USA"]

1. c4 e5 2. g3 Nc6 3. Bg2 Bc5 4. Nc3 Nf6 5. e3 d6 6. Nge2 Be6 7. d4 exd4 8.
exd4 Nxd4 9. Nxd4 Bg4 10. Qd3 Rb8 11. O-O O-O 12. Nb3 Bb4 13. Be3 Qd7 14. Nd5
Nxd5 15. cxd5 a6 16. a3 Bc5 17. Nxc5 dxc5 18. Bxc5 Rfe8 19. Rfe1 Bh3 20. Qd2
Rxe1+ 21. Rxe1 Bxg2 22. Kxg2 Re8 23. Rxe8+ Qxe8 24. Be3 h6 25. f3 Kh7 26. Qc2+
Kg8 27. Bf4 Qb5 28. Qd2 Qc4 29. Be5 b6 30. Bc3 a5 31. Kf2 {#r} 1-0

[Event "Idaho Closed"]
[Site "Twin Falls, ID"]
[Date "2015.02.15"]
[Round "3.11"]
[White "Nathan, Jacob Ari"]
[Black "Dominick, Matthew"]
[Result "1-0"]
[WhiteElo "1395"]
[BlackElo "1374"]
[EventRounds "6"]
[EventCountry "USA"]

1. e4 c6 2. d4 d5 3. Nc3 dxe4 4. Nxe4 Bf5 5. Nc3 Nf6 6. Nf3 h6 7. Bd3 Bxd3 8.
Qxd3 e6 9. O-O Bd6 10. b3 Nbd7 11. Re1 O-O 12. Bb2 Qc7 13. Ne4 Nxe4 14. Qxe4
Nf6 15. Qd3 Rac8 16. Rad1 Rfd8 17. Qe3 Ng4 18. Qe4 Bxh2+ 19. Nxh2 Qxh2+ 20.
Kf1 h5 21. Ke2 Qc7 22. Rh1 Nf6 23. Qe3 Re8 24. Kf1 Ng4 25. Qg5 Qe7 26. Qxh5
Nh6 27. Rd3 Rcd8 28. Rg3 Rd5 29. Rxg7+ Kf8 30. Qxh6 {#r} 1-0

[Event "Idaho Closed"]
[Site "Twin Falls, ID"]
[Date "2015.02.15"]
[Round "3.14"]
[White "Nathan, Oliver Eli"]
[Black "Simonson, Jay L"]
[Result "0-1"]
[WhiteElo "481"]
[BlackElo "751"]
[EventRounds "6"]
[EventCountry "USA"]

1. e4 c5 2. Nf3 Nc6 3. Bb5 a6 4. Bxc6 dxc6 5. d3 Nf6 6. Nc3 Bg4 7. h3 Bh5 8.
O-O e6 9. Bg5 Be7 10. Qe2 O-O 11. Qe3 Bxf3 12. Qxf3 Qd6 13. Bxf6 Bxf6 14. Na4
Rad8 15. Nb6 Bxb2 16. Nc4 Qd4 17. Nxb2 Qxb2 18. Rad1 Qxc2 19. a3 Rd4 20. Rc1
Qb2 21. Ra1 Rfd8 22. Rfd1 b5 23. Qe3 g6 24. Qd2 Qxd2 25. Rxd2 Rxd3 26. Rxd3
Rxd3 27. Rf1 a5 {#R} 0-1

[Event "Idaho Closed"]
[Site "Twin Falls, ID"]
[Date "2015.02.15"]
[Round "4.8"]
[White "Amen, Chris"]
[Black "Nathan, Jacob Ari"]
[Result "1-0"]
[WhiteElo "1683"]
[BlackElo "1395"]
[EventRounds "6"]
[EventCountry "USA"]

1. e4 c5 2. Nf3 Nc6 3. d4 cxd4 4. Nxd4 d6 5. Nc3 a6 6. Bc4 e5 7. Nde2 Nf6 8.
a4 Be7 9. O-O O-O 10. Ng3 Bg4 11. f3 Bd7 12. Be3 h6 13. Qd2 Nh7 14. Rad1 Qc8
15. Nd5 Bd8 16. Nb6 Bxb6 17. Bxb6 Be6 18. Bxe6 Qxe6 19. Qxd6 Qa2 20. Qa3 Qxa3
21. bxa3 Nf6 22. Rd2 a5 23. c4 Ra6 24. Be3 Raa8 25. Rfd1 Rac8 26. Nf5 Kh8 27.
Kf2 Kg8 28. Ke2 Nd4+ 29. Bxd4 exd4 30. Ne7+ Kh7 31. Nxc8 Rxc8 32. Rxd4 Rc7 33.
Kd3 Nd7 34. Kc3 Nc5 35. Rd5 Nxa4+ 36. Kd4 b6 37. Rb1 Rb7 38. Rxa5 Rd7+ 39. Rd5
Rxd5+ 40. exd5 {#r} 1-0

[Event "Idaho Closed"]
[Site "Twin Falls, ID"]
[Date "2015.02.15"]
[Round "4.14"]
[White "Catangcatang, Levi"]
[Black "Nathan, Oliver Eli"]
[Result "1-0"]
[WhiteElo "544"]
[BlackElo "481"]
[EventRounds "6"]
[EventCountry "USA"]

1. c4 Nf6 2. d3 Nc6 3. Nc3 e5 4. g3 Bb4 5. Qc2 d6 6. a3 Bxc3+ 7. Qxc3 O-O 8.
Bg2 Nd4 9. e3 Nf5 10. Nf3 Nh6 11. e4 Bg4 12. Bxh6 gxh6 13. Nh4 Nh5 14. O-O Be2
15. Rfe1 Nf6 16. Rxe2 c6 17. Bf3 d5 18. Qd2 dxe4 19. Qxh6 Re8 20. Nf5 {#r} 1-0

[Event "Idaho Closed"]
[Site "Twin Falls, ID"]
[Date "2015.02.16"]
[Round "6.10"]
[White "Simonson, Jay L"]
[Black "Nathan, Jacob Ari"]
[Result "0-1"]
[WhiteElo "751"]
[BlackElo "1395"]
[EventRounds "6"]
[EventCountry "USA"]

1. e4 c5 2. Nf3 d6 3. d4 cxd4 4. Nxd4 Nc6 5. Bb5 Bd7 6. Nc3 Nf6 7. Bg5 Qb6 8.
Bxf6 exf6 9. Bxc6 Bxc6 10. b3 g6 11. O-O Bg7 12. Nxc6 Qxc6 13. Qd5 Qxc3 14.
Qb5+ Qc6 15. c4 Qxb5 16. cxb5 f5 17. Rad1 fxe4 18. Rxd6 O-O 19. Re1 f5 20. a4
Rad8 21. Red1 Rxd6 22. Rxd6 Rc8 23. g3 Rc1+ 24. Kg2 Rb1 25. Rd8+ Bf8 26. Rd7
Rxb3 27. Rxb7 Bc5 28. Rb8+ Kg7 29. a5 Rb2 30. Rb7+ Kh6 31. Kh3 Bxf2 32. a6 Bg1
33. Rxh7+ Kxh7 34. Kh4 Kh6 35. g4 g5+ 36. Kg3 Rxh2 37. b6 f4# 0-1

[Event "Idaho Closed"]
[Site "Twin Falls, ID"]
[Date "2016.02.13"]
[Round "1.1"]
[White "Lucky, David"]
[Black "Nathan, Jacob Ari"]
[Result "1-0"]
[WhiteElo "2381"]
[BlackElo "1548"]
[EventRounds "6"]
[EventCountry "USA"]

1. e4 e6 2. d4 d5 3. exd5 exd5 4. c4 dxc4 5. Bxc4 Bb4+ 6. Nc3 Bxc3+ 7. bxc3 h6
8. Nf3 Nf6 9. Ba3 Be6 10. Bxe6 fxe6 11. Qb1 Rg8 12. Qxb7 Qd5 13. Qc8+ {#r} 1-0

[Event "Idaho Closed"]
[Site "Twin Falls, ID"]
[Date "2016.02.14"]
[Round "4.4"]
[White "Nathan, Jacob Ari"]
[Black "Roland, Jeffrey T"]
[Result "0-1"]
[WhiteElo "1548"]
[BlackElo "1782"]
[EventRounds "6"]
[EventCountry "USA"]

1. e4 e5 2. Nf3 Nf6 3. Nxe5 d6 4. Nf3 Nxe4 5. Nc3 Nxc3 6. dxc3 Be7 7. Bd3 O-O
8. O-O Nc6 9. h3 Be6 10. Nd4 Nxd4 11. cxd4 Bf6 12. c3 Qd7 13. Qh5 g6 14. Qf3
Bg7 15. d5 Bf5 16. Bxf5 Qxf5 17. Qxf5 gxf5 18. Re1 Rfe8 19. Bg5 Re5 20. Rxe5
dxe5 21. g3 f6 22. Be3 Bf8 23. Kg2 Rd8 24. Rd1 Bd6 25. Kf3 Kf7 26. c4 b6 27.
b3 h5 28. g4 e4+ 29. Ke2 fxg4 30. hxg4 hxg4 31. Rh1 Rg8 32. Rh5 Kg6 33. Rh6+
Kg7 34. Rh5 Rh8 35. Rxh8 Kxh8 36. Bd4 Kg7 37. Ke3 Kg6 38. Kxe4 f5+ 39. Ke3 Kg5
40. f3 g3 41. Ke2 Kh4 42. Kf1 Kh3 43. Bg1 g2+ 44. Kf2 Bc5+ {#R} 0-1

[Event "Idaho Closed"]
[Site "Twin Falls, ID"]
[Date "2016.02.15"]
[Round "6.8"]
[White "Nathan, Jacob Ari"]
[Black "Smith, Christine M"]
[Result "1-0"]
[WhiteElo "1548"]
[BlackElo "1656"]
[EventRounds "6"]
[EventCountry "USA"]

1. e4 e5 2. Nf3 Nc6 3. d4 exd4 4. Bc4 Be7 5. c3 d6 6. cxd4 Nf6 7. Nc3 O-O 8.
O-O Bg4 9. Be3 a6 10. a3 Re8 11. Qb3 Kh8 12. Ng5 Bh5 13. Bxf7 h6 14. Bxh5 hxg5
15. Bxe8 Qxe8 16. Nd5 Qc8 17. Nxe7 Nxe7 18. Bxg5 Kh7 19. Bxf6 gxf6 20. Qf7+
Kh8 21. Qxf6+ Kg8 22. Qxe7 Qg4 23. f4 Rf8 24. Rf3 Rf7 25. Qd8+ Rf8 26. Qxc7
Rf7 27. Qb8+ Rf8 28. Qxb7 Rf7 29. Qb8+ Rf8 30. Qb3+ Kh7 31. Rh3+ Qxh3 32.
Qxh3+ Kg7 33. Qg4+ Kf7 34. Qf5+ Ke7 35. Qxf8+ Kxf8 36. Rf1 Ke7 37. Rf3 Kd7 38.
h4 a5 39. h5 Ke7 40. h6 Kf7 41. Rg3 a4 42. h7 d5 43. h8=Q dxe4 44. Qh6 e3 45.
Rg7+ Kf8 46. Qh8# 1-0


[Site "Boise, ID"]
[Date "2012.02.18"]
[Round "1.10"]
[White "Nathan, Jacob Ari"]
[Black "Edvalson, Paul"]
[Result "0-1"]
[WhiteElo "384"]
[BlackElo "1597"]

1. e4 g6 2. Nf3 Bg7 3. d3 c5 4. Nbd2 Nc6 5. g3 e5 6. Bg2 d5 7. exd5 Qxd5 8.
O-O Bg4 9. Qe1 Qd7 10. Nc4 f6 11. h3 Bxh3 12. Bxh3 Qxh3 13. Qe4 O-O-O 14. Bd2
h5 15. Ba5 f5 16. Qe3 b6 17. Bxb6 axb6 18. Nxb6+ Kc7 19. Qxc5 h4 20. Rfe1 hxg3
21. fxg3 Qxg3+ 22. Kf1 Qxf3+ 23. Qf2 Rh1# 0-1

[Event "Sumr Classic (Reserve)"]
[Site "Boise, ID"]
[Date "2011.07.09"]
[Round "3.4"]
[White "Patterson, Kevin R"]
[Black "Nathan, Jacob Ari"]
[Result "1-0"]
[WhiteElo "1246"]
[BlackElo "318"]

1. e4 e5 2. Nf3 Nc6 3. Bc4 Bc5 4. c3 Nge7 5. d4 exd4 6. cxd4 Nxd4 7. Nxd4 Bb4+
8. Bd2 Bxd2+ 9. Qxd2 c6 10. O-O d5 11. exd5 cxd5 12. Bb3 O-O 13. Nc3 Be6 14.
Rfe1 Nf5 15. Nxf5 Bxf5 16. Qxd5 Qxd5 17. Bxd5 Rfe8 18. Rxe8+ Rxe8 19. Bxb7 g6
20. Bf3 a5 21. Nd5 a4 22. Nf6+ Kf8 23. Nxe8 Kxe8 24. Rd1 Kf8 25. Rd4 Kg7 26.
Rxa4 Kg8 27. Rf4 Kg7 28. Rxf5 gxf5 29. a4 Kf8 30. a5 Ke8 31. a6 Kd8 32. a7 Kc7
33. a8=Q Kd7 34. Qd5+ Ke7 35. Qxf5 Kf8 36. Bd5 Kg8 37. Qxf7+ Kh8 38. Qf8# 1-0

[Event "Sumr Classic (Reserve)"]
[Site "Boise, ID"]
[Date "2011.07.10"]
[Round "4.4"]
[White "Nathan, Jacob Ari"]
[Black "VanderSys, Kaleb B"]
[Result "1-0"]
[WhiteElo "318"]
[BlackElo "501"]

1. e4 e5 2. Nf3 Nc6 3. Nc3 Bc5 4. Bc4 d6 5. Ng5 Nh6 6. Nxf7 Nxf7 7. Bxf7+ Kxf7
8. Qf3+ Ke8 9. O-O Nd4 10. Qh5+ g6 11. Qd1 h5 12. d3 Bg4 13. Qd2 Qh4 14. Qg5
Qxg5 15. Bxg5 Nxc2 16. Rac1 Nd4 17. Nb5 Rc8 18. b4 Bxb4 19. Nxc7+ Kd7 20. Rc4
Ne2+ 21. Kh1 Ba5 22. Nd5 Rxc4 23. dxc4 Rc8 24. f3 Be6 25. Nf6+ Kc6 26. Rf2
Bxc4 27. Rf1 Bxa2 28. Rd1 b5 29. Bd2 Bxd2 30. Rxd2 Nd4 31. Rxa2 Kb6 32. Nd5+
Kb7 33. Ra1 Ne2 34. Ne7 Rc1+ 35. Rxc1 Nxc1 36. g4 hxg4 37. fxg4 g5 38. h4 b4
39. Nd5 a5 40. hxg5 a4 41. Nxb4 a3 42. g6 {#r} 1-0

[Event "Sumr Classic (Reserve)"]
[Site "Boise, ID"]
[Date "2011.07.10"]
[Round "5.1"]
[White "Lang, Jamie"]
[Black "Nathan, Jacob Ari"]
[Result "1-0"]
[WhiteElo "1321"]
[BlackElo "318"]

1. e4 e5 2. d4 exd4 3. c3 dxc3 4. Bc4 Nc6 5. Nf3 Bb4 6. bxc3 Bc5 7. Qd5 Qe7 8.
Bg5 f6 9. Bf4 Qe6 10. Qxc5 Qxe4+ 11. Be3 b6 12. Nbd2 bxc5 13. Nxe4 Nh6 14.
Nxc5 d6 15. Bd5 dxc5 16. Bxc6+ Kf8 17. Bxc5+ {#r} 1-0

[Event "SIO (Reserve)"]
[Site "Twin Falls, ID"]
[Date "2011.11.12"]
[Round "4.3"]
[White "Nathan, Jacob Ari"]
[Black "Patterson, Kevin R"]
[Result "0-1"]
[WhiteElo "384"]
[BlackElo "1192"]

1. e4 c6 2. d3 d5 3. Nd2 dxe4 4. Nxe4 Bf5 5. Nf3 Bxe4 6. dxe4 Qxd1+ 7. Kxd1
Nf6 8. e5 Ne4 9. Bd3 Nxf2+ 10. Ke1 Nxh1 11. Be3 e6 12. Kd2 Ng3 13. hxg3 Be7
14. Be4 O-O 15. Ng5 Bxg5 16. Bxg5 h6 17. Bf4 Nd7 18. Rh1 Rad8 19. Ke3 Nc5 20.
Bxh6 Nxe4 21. Kxe4 gxh6 22. Rxh6 Rd2 23. g4 Rxg2 24. Rh4 f6 25. Kf3 Rxc2 26.
exf6 Rxf6+ {#R} 0-1

[Event "Idaho Closed"]
[Site "Boise, ID"]
[Date "2012.02.18"]
[Round "1.10"]
[White "Nathan, Jacob Ari"]
[Black "Edvalson, Paul"]
[Result "0-1"]
[WhiteElo "384"]
[BlackElo "1597"]

1. e4 g6 2. Nf3 Bg7 3. d3 c5 4. Nbd2 Nc6 5. g3 e5 6. Bg2 d5 7. exd5 Qxd5 8.
O-O Bg4 9. Qe1 Qd7 10. Nc4 f6 11. h3 Bxh3 12. Bxh3 Qxh3 13. Qe4 O-O-O 14. Bd2
h5 15. Ba5 f5 16. Qe3 b6 17. Bxb6 axb6 18. Nxb6+ Kc7 19. Qxc5 h4 20. Rfe1 hxg3
21. fxg3 Qxg3+ 22. Kf1 Qxf3+ 23. Qf2 Rh1# 0-1

[Event "Idaho Open (Reserve)"]
[Site "Pocatello, ID"]
[Date "2012.04.21"]
[Round "2.2"]
[White "Nathan, Jacob Ari"]
[Black "Patterson, Kevin R"]
[Result "0-1"]
[WhiteElo "449"]
[BlackElo "1181"]

1. e4 d6 2. Nf3 Nf6 3. d3 g6 4. g3 Bg7 5. Bg2 O-O 6. O-O c5 7. e5 dxe5 8. Nxe5
Qb6 9. Be3 Qxb2 10. Nd2 Qxe5 11. Bf4 Qe6 12. Re1 Qd7 13. Rb1 Nc6 14. Nc4 Rb8
15. Bxb8 Nxb8 16. Bf3 b6 17. Ne5 Qc7 18. c4 Bb7 19. Rb5 Bxf3 20. Qxf3 Nfd7 21.
Ng4 e6 22. a4 Nc6 23. Re4 Nd4 24. Rxc5 Nxf3+ 25. Kf1 Qxc5 {#R} 0-1

[Event "Idaho Open (Reserve)"]
[Site "Pocatello, ID"]
[Date "2012.04.22"]
[Round "5.3"]
[White "Blake, Isaac R.R"]
[Black "Nathan, Jacob Ari"]
[Result "1-0"]
[WhiteElo "599"]
[BlackElo "449"]

1. e4 e5 2. Nf3 Nc6 3. Bc4 Bc5 4. Nc3 Nf6 5. d3 O-O 6. O-O d6 7. Nd5 Bg4 8. h3
Bh5 9. Bg5 h6 10. Nxf6+ gxf6 11. Bxh6 Re8 12. c3 Kh8 13. Bxf7 Bxf7 14. d4 Rg8
15. dxc5 Qd7 16. b4 Qxh3 17. g3 Qxh6 18. cxd6 cxd6 19. Qxd6 Rad8 20. Qc7 Kg7
21. Qxb7 Rh8 22. Nh4 Rdg8 23. Qxc6 Kf8 24. Qd6+ Ke8 25. Qc6+ Ke7 26. Nf5+ Kf8
27. Qd6+ {#r} 1-0

[Event "ICA Players Mem-Res."]
[Site "Boise, ID"]
[Date "2012.05.19"]
[Round "1.1"]
[White "Lang, Jamie"]
[Black "Nathan, Jacob Ari"]
[Result "1-0"]
[WhiteElo "1343"]
[BlackElo "654"]

1. e4 c5 2. c3 Nc6 3. Nf3 d6 4. Bb5 Bd7 5. O-O a6 6. Bc4 b5 7. Bd5 Nf6 8. d4
e6 9. Bxc6 Bxc6 10. e5 Ne4 11. dxc5 dxc5 12. Qxd8+ Rxd8 13. Nbd2 Nxd2 14. Nxd2
Be7 15. Nb3 c4 16. Nd4 Bb7 17. Be3 O-O 18. b4 Rd5 19. f4 f6 20. Nxe6 Rf7 21.
Nc7 Rd3 22. Bd4 Rd2 23. Rf2 Rd3 24. exf6 Bxb4 25. cxb4 Rxd4 26. Ne6 Rd5 27.
fxg7 Rfd7 28. Raf1 Rd2 29. Nc5 R7d5 30. Nxb7 Rd7 31. Nc5 R7d5 32. Rxd2 Rxd2
33. a4 c3 34. axb5 axb5 35. f5 c2 36. Nb3 Rd3 37. Nc1 Rd1 38. f6 Rd7 39. h3
Rd1 40. f7+ {#r} 1-0

[Event "ICA Players Mem-Res."]
[Site "Boise, ID"]
[Date "2012.05.19"]
[Round "3.7"]
[White "Patterson, Katie Rae"]
[Black "Nathan, Jacob Ari"]
[Result "1-0"]
[WhiteElo "936"]
[BlackElo "654"]

1. c4 Nc6 2. Nc3 e5 3. d3 Bb4 4. Bd2 Nf6 5. g3 O-O 6. Bg2 Ng4 7. Nf3 Bc5 8.
O-O d6 9. h3 Nh6 10. Bxh6 gxh6 11. Qd2 Qf6 12. Nd5 Qg6 13. Nxc7 Rb8 14. Nh4
Qxg3 15. Qxh6 Bxh3 16. e3 Qg4 17. Nd5 Kh8 18. Nf6 Qg7 19. Qxh7+ Qxh7 20. Nxh7
Kxh7 21. Bxh3 Rg8+ 22. Kh2 Kh6 23. Rg1 Kh5 24. Nf5 Rg5 25. Rxg5+ Kxg5 26. Rg1+
Kf6 27. a3 Rh8 28. b4 Bb6 29. Nxd6 Nd8 30. Ne4+ Ke7 31. c5 Bc7 32. d4 exd4+
33. Nd6 d3 34. f4 d2 35. Nf5+ Kf6 36. Rd1 Rh5 37. Rxd2 Ne6 38. Nd6 b6 39. Ne8+
Kg6 40. Rg2+ Kh6 41. Nxc7 Nxc7 42. f5 Nd5 43. Rg3 Rh4 44. c6 Kh7 45. Rg4 Rh5
46. e4 Ne3 47. c7 Nf1+ 48. Kg1 Ne3 49. c8=Q Rxh3 50. Qg8+ Kh6 51. Qh8# 1-0

[Event "ICA Players Mem-Res."]
[Site "Boise, ID"]
[Date "2012.05.20"]
[Round "5.6"]
[White "Nathan, Jacob Ari"]
[Black "Blake, Isaac R.R"]
[Result "0-1"]
[WhiteElo "654"]
[BlackElo "599"]

1. e4 c6 2. Nf3 d5 3. Bd3 Bg4 4. O-O Nf6 5. Nc3 e5 6. Re1 Bc5 7. Be2 Nbd7 8.
d4 Bxf3 9. Bxf3 Bxd4 10. exd5 Qb6 11. Rf1 e4 12. Qe2 Bxc3 13. bxc3 cxd5 14.
Be3 Qe6 15. Bh5 O-O 16. Rab1 b6 17. Rb4 g6 18. Bxg6 hxg6 19. Bh6 Rfe8 20. c4
Ng4 21. Be3 dxc4 22. Rxc4 Nge5 23. Ra4 Ng4 24. Bg5 Qe5 25. g3 Qxg5 26. Re1 Qh5
27. c4 Qxh2+ 28. Kf1 Qh1# 0-1

[Event "Eastern Idaho Open"]
[Site "Pocatello, ID"]
[Date "2012.09.23"]
[Round "5.6"]
[White "Nathan, Jacob Ari"]
[Black "Shirts, Kerry Alma"]
[Result "0-1"]
[WhiteElo "665"]
[BlackElo "789"]

1. e4 e5 2. Nf3 Nc6 3. d4 d6 4. Bc4 Nf6 5. dxe5 Nxe4 6. exd6 Bxd6 7. Qe2 Qe7
8. Bxf7+ Kxf7 9. Ng5+ Nxg5 10. Qxe7+ Bxe7 11. O-O Bf5 12. f4 Bc5+ 13. Kh1 Nh3
14. gxh3 Be4+ 15. Rf3 Bxf3# 0-1

[Event "WRW Progressive"]
[Site "Hailey, ID"]
[Date "2012.10.06"]
[Round "1.3"]
[White "Kircher, Caleb Paul"]
[Black "Nathan, Jacob Ari"]
[Result "1-0"]
[WhiteElo "1816"]
[BlackElo "663"]

{Game/30;d5} 1. f4 d5 2. Nf3 Nc6 3. e3 Bg4 4. Bb5 a6 5. Bxc6+ bxc6 6. O-O Rb8
7. b3 Nf6 8. Bb2 e6 9. h3 Bxh3 10. gxh3 Ne4 11. Qe1 Be7 12. d3 O-O 13. dxe4
dxe4 14. Ne5 Bb4 15. Qe2 Ra8 16. Qg2 Bc5 17. Nxc6 Bxe3+ 18. Kh1 Qd6 19. Qxg7#
1-0

[Event "WRW Progressive"]
[Site "Hailey, ID"]
[Date "2012.10.06"]
[Round "2.6"]
[White "Nathan, Jacob Ari"]
[Black "Sawyer, Paul"]
[Result "1-0"]
[WhiteElo "663"]
[BlackElo "134"]

{Game/45;d5} 1. e4 e5 2. Nf3 d6 3. Bc4 Nh6 4. O-O Be7 5. d4 Bf6 6. Nc3 exd4 7.
Nxd4 Bxd4 8. Qxd4 O-O 9. Bxh6 gxh6 10. f4 c5 11. Qd5 Re8 12. Qxf7+ Kh8 13. Qd5
Re6 14. e5 b6 15. Qxa8 d5 16. Bxd5 Re8 17. Qxb8 Qh4 18. Bf7 Rf8 19. Be6 Rxf4
20. Qxc8+ Kg7 21. Qg8# 1-0